Human development report 1997

Αποθηκεύτηκε σε:
Λεπτομέρειες βιβλιογραφικής εγγραφής
Συγγραφή απο Οργανισμό/Αρχή: United Nations Development Programme
Μορφή: Βιβλίο
Γλώσσα:English
Δημοσίευση: New York : Oxford University Press, c1997
Θέματα:
Ετικέτες: Προσθήκη ετικέτας
Δεν υπάρχουν, Καταχωρήστε ετικέτα πρώτοι!

MARC

LEADER 00000cam a2200000 i 4500
001 1/21169
008 010914s1997 eng d
020 |a 0-19-511997-5 (pbk.) 
035 |l 10067249 
040 |a GR-MY-UA  |b gre  |e aacr 
041 0 |a eng 
082 0 |a 338.9105 
110 2 |a United Nations Development Programme. 
245 1 0 |a Human development report 1997 /  |c United Nations Development Programme (UNPD) 
260 |a New York :   |b Oxford University Press,   |c c1997 
300 |a xi, 245 p. 
500 |a UNPD distributes a press kit in advance of the release of the Human Development Report 1997 
650 0 0 |a Quality of life  |x Statistics  |x Periodicals. 
650 0 0 |a Social indicators  |x Statistics  |x Periodicals. 
650 0 0 |a Economic development  |x Statistics  |x Periodicals. 
852 |a INST  |b CHIOS  |e 20010914  |h 338.9105 UNI  |p 005200020986  |q 005200020986  |t BK  |y 0 
901 |a BIBL2-2001-3 
909 |a Χ  |b 083948 
970 |a ΣΑΛΑΜΟΥΡΑ  |b ΜΑΡΙΑ  |z 2001/09/14